Paroles - Hannah Montana - THEA - Statistiques

Statistiques générales
  • Ce quiz a été pris 26 fois
  • Le résultat moyen est 272 sur 448
Statistiques - réponses
Paroles % Correct
A
83%
a
83%
à
83%
de
83%
De
83%
83%
la
83%
le
83%
mon
83%
Tu
83%
tu
83%
Au
79%
au
79%
en
79%
je
79%
Je
79%
Ma
79%
ma
79%
moi
79%
Moi
79%
no
79%
par
79%
pas
79%
quand
79%
que
79%
suis
79%
to
79%
tout
79%
Bébé
75%
bébé
75%
comme
75%
Comme
75%
Dans
75%
dans
75%
fais
75%
Fais
75%
Les
75%
les
75%
me
75%
Oh
75%
oh
75%
parles
75%
pendant
75%
ta
75%
Voulez
75%
Vous
75%
cheveux
71%
encule ?
71%
et
71%
Et
71%
Hannah
71%
Il
71%
il
71%
J'ai
71%
j'vous
71%
Montana
71%
Paname
71%
pote
71%
si
71%
Si
71%
sucer
71%
un
71%
ca
67%
ça
67%
est
67%
plus
67%
rêves
67%
tape
67%
t'es
67%
tes
67%
tous
67%
Tous
67%
bataille
63%
cœur
63%
coin
63%
des
63%
Des
63%
dieu
63%
enterre
63%
foutu
63%
gardes
63%
gueule
63%
lèvres
63%
loin
63%
m'en
63%
paroles
63%
qu'on
63%
sourire
63%
terre
63%
verre
63%
avec
58%
Ces
58%
c'est
58%
du
58%
histoires
58%
J'ouvre
58%
magasin
58%
master
58%
nom
58%
nos
58%
nous
58%
qui
58%
remplit
58%
sa
58%
sur
58%
Tant
58%
connaissais
54%
crash
54%
Dis
54%
d'larmes
54%
grave
54%
mais
54%
mes
54%
nuit
54%
qu'un
54%
regardes
54%
reste
54%
rien
54%
tard
54%
une
54%
va
54%
vie
54%
vois
54%
yeux
54%
barre
50%
brise
50%
code
50%
doigts
50%
ils
50%
j'te
50%
l'amour
50%
larsen
50%
l'bordel
50%
mains
50%
matin
50%
Même
50%
parti
50%
trop
50%
affiche
46%
aux
46%
blafard
46%
ch'veux
46%
dit
46%
est-ce que
46%
grand
46%
j'en
46%
larme
46%
l'artère
46%
mâchoires
46%
milieu
46%
partis
46%
peine
46%
pourquoi
46%
rage
46%
rouges
46%
Salut
46%
scène
46%
s'envolera
46%
S'il
46%
sont
46%
système
46%
tarifs
46%
teint
46%
tête
46%
tiens
46%
tomber
46%
vaux
46%
acteurs
42%
Attrape
42%
becs
42%
blonds
42%
classe
42%
copains
42%
corbillards
42%
c'que
42%
Cramée
42%
devant
42%
J'me
42%
j'me
42%
J'suis
42%
l'air
42%
l'monde
42%
m'attire
42%
personne
42%
planétaire
42%
qu'je
42%
rue
42%
avoir
38%
cala
38%
can
38%
cloue
38%
d'artiste
38%
demain
38%
Fuck
38%
fuck
38%
Guette
38%
l’œil
38%
monte
38%
paye
38%
Putain
38%
d'âmes
33%
d'états
33%
faite
33%
jamais
33%
lâcher
33%
q'ca
33%
sons
33%
tabac
33%
tâchés
33%
tise
33%
traces
33%
cette
29%
commerce
29%
hey
29%
minute
29%
sorte
29%
taff
29%
tas
29%
toute
29%
wait
29%
bails
25%
can't
25%
conscience
25%
feedback
25%
longtemps
25%
louchée
25%
taya
25%
thune
25%
up
25%
We
25%
we?
25%
n'peux
21%
participer
21%
this
21%
away
17%
but
17%
get
17%
good
17%
let
17%
always
13%
him
13%
with
13%
you're
8%
Aucun quiz correspondant
Distribution des résultats
% des personnes avec chaque résultat
Percentile par nombre de réponses
Votre historique - résultats
Vous n’avez pas pris ce quiz